Encyclopedia of fluid mechanics dynamics of single fluid flows and mixing (Record no. 583497)

000 -LEADER
fixed length control field 00575nam a22001817a 4500
003 - CONTROL NUMBER IDENTIFIER
control field CEME
005 - DATE AND TIME OF LATEST TRANSACTION
control field 20210628210151.0
008 - FIXED-LENGTH DATA ELEMENTS--GENERAL INFORMATION
fixed length control field 210215b xxu||||| |||| 00| 0 eng d
020 ## - INTERNATIONAL STANDARD BOOK NUMBER
International Standard Book Number 0-87201-514-9
040 ## - CATALOGING SOURCE
Transcribing agency .
082 ## - DEWEY DECIMAL CLASSIFICATION NUMBER
Classification number 620.106 ENC
100 ## - MAIN ENTRY--PERSONAL NAME
Personal name Cheremisinoff, Nicholas. P
9 (RLIN) 2953
245 ## - TITLE STATEMENT
Title Encyclopedia of fluid mechanics dynamics of single fluid flows and mixing
260 ## - PUBLICATION, DISTRIBUTION, ETC.
Place of publication, distribution, etc. LONDON
Name of publisher, distributor, etc. GULF PUBLISHIN
Date of publication, distribution, etc. 1999
300 ## - PHYSICAL DESCRIPTION
Extent 1505P, VOL-2
650 ## - SUBJECT ADDED ENTRY--TOPICAL TERM
Topical term or geographic name entry element FLUID MECHANICS DICTIONARIES FLUID FLOWS AND MIXING SINGLE FLUID FLOWS AND MIXING
9 (RLIN) 78362
942 ## - ADDED ENTRY ELEMENTS (KOHA)
Koha item type Book
Source of classification or shelving scheme
Holdings
Withdrawn status Lost status Damaged status Not for loan Permanent Location Current Location Shelving location Date acquired Total Checkouts Full call number Barcode Date last seen Price effective from Koha item type
        College of Electrical & Mechanical Engineering (CEME) College of Electrical & Mechanical Engineering (CEME) General Stacks 06/15/2017   620.106 ENC CEME-33662 06/28/2021 06/28/2021 Book
© 2023 Central Library, National University of Sciences and Technology. All Rights Reserved.